<?xml version="1.0" encoding="UTF-8"?>
<record
    xmlns:xsi="http://www.w3.org/2001/XMLSchema-instance"
    xsi:schemaLocation="http://www.loc.gov/MARC21/slim http://www.loc.gov/standards/marcxml/schema/MARC21slim.xsd"
    xmlns="http://www.loc.gov/MARC21/slim">

  <leader>01172    a2200265   4500</leader>
  <controlfield tag="001">119119</controlfield>
  <datafield tag="020" ind1=" " ind2=" ">
    <subfield code="q">(Broch.)</subfield>
  </datafield>
  <datafield tag="041" ind1=" " ind2=" ">
    <subfield code="a">por</subfield>
  </datafield>
  <datafield tag="082" ind1=" " ind2=" ">
    <subfield code="a">028.5</subfield>
  </datafield>
  <datafield tag="100" ind1=" " ind2=" ">
    <subfield code="a">Naddeo, Roberto Keller</subfield>
  </datafield>
  <datafield tag="520" ind1=" " ind2=" ">
    <subfield code="a">O reino est&#xE1; em perigo e somente um pr&#xED;ncipe ou uma princesa pode salv&#xE1;-lo. Adivinhe quem ser&#xE1; o her&#xF3;i dessa hist&#xF3;ria?

Envoltos nesse clima de fantasia de pr&#xED;ncipes e drag&#xF5;es, amizade, autoconfian&#xE7;a e toler&#xE2;ncia s&#xE3;o tratados de forma leve e divertida.

Eu e o Drag&#xE3;o &#xE9; indicado para crian&#xE7;as a partir de 4 anos, que come&#xE7;am a observar seu crescimento, orgulhar-se das pequenas vit&#xF3;rias quotidianas mas que ainda se sentem inseguras diante dos novos desafios que a vida lhes apresenta.</subfield>
  </datafield>
  <datafield tag="521" ind1=" " ind2=" ">
    <subfield code="a">Year 1</subfield>
  </datafield>
  <datafield tag="697" ind1=" " ind2=" ">
    <subfield code="a">Medo</subfield>
  </datafield>
  <datafield tag="697" ind1=" " ind2=" ">
    <subfield code="a">Rotina</subfield>
  </datafield>
  <datafield tag="697" ind1=" " ind2=" ">
    <subfield code="a">Supera&#xE7;&#xE3;o</subfield>
  </datafield>
  <datafield tag="697" ind1=" " ind2=" ">
    <subfield code="a">Literatura infantil</subfield>
  </datafield>
  <datafield tag="856" ind1=" " ind2=" ">
    <subfield code="u">000034/00003429.png</subfield>
  </datafield>
  <datafield tag="040" ind1=" " ind2=" ">
    <subfield code="a">BR-BrIDEA</subfield>
    <subfield code="c">BR-BrIDEA</subfield>
  </datafield>
  <datafield tag="090" ind1=" " ind2=" ">
    <subfield code="a">A Year 1 028</subfield>
    <subfield code="b">NAD</subfield>
  </datafield>
  <datafield tag="245" ind1="1" ind2="0">
    <subfield code="a">Alice e o drag&#xE3;o</subfield>
    <subfield code="c">Roberto Keller Naddeo; ilustra&#xE7;&#xF5;es de Felippe Pinheiro</subfield>
  </datafield>
  <datafield tag="260" ind1=" " ind2=" ">
    <subfield code="a">S&#xE3;o Paulo</subfield>
    <subfield code="b">EUnolivro</subfield>
    <subfield code="c">2016</subfield>
  </datafield>
  <datafield tag="300" ind1=" " ind2=" ">
    <subfield code="a">25 p.</subfield>
    <subfield code="b">il. color</subfield>
  </datafield>
  <datafield tag="700" ind1=" " ind2=" ">
    <subfield code="a">Pinheiro, Felippe</subfield>
    <subfield code="e">Ilustrador</subfield>
  </datafield>
  <datafield tag="942" ind1=" " ind2=" ">
    <subfield code="c">BK</subfield>
  </datafield>
  <datafield tag="952" ind1=" " ind2=" ">
    <subfield code="0">0</subfield>
    <subfield code="1">0</subfield>
    <subfield code="2">ddc</subfield>
    <subfield code="4">0</subfield>
    <subfield code="7">0</subfield>
    <subfield code="a">12.27</subfield>
    <subfield code="b">12.27</subfield>
    <subfield code="d">2023-03-09</subfield>
    <subfield code="l">0</subfield>
    <subfield code="o">A Year 1 028 NAD</subfield>
    <subfield code="p">00060972AGC</subfield>
    <subfield code="r">2024-01-23 15:02:18</subfield>
    <subfield code="w">2024-01-23</subfield>
    <subfield code="y">BK</subfield>
  </datafield>
  <datafield tag="999" ind1=" " ind2=" ">
    <subfield code="c">119119</subfield>
    <subfield code="d">119119</subfield>
  </datafield>
</record>
